| 000 | 02852ngm a2200457 4500 | ||
|---|---|---|---|
| 003 | dpl | ||
| 005 | 20100310122136.0 | ||
| 007 | DVD | ||
| 008 | ||||||sp199 xxu|||||c ||| 00| 0 ng d | ||
| 010 | _aDVD-006276-6283 | ||
| 024 |
_c399.00 _aAVDVD417CE |
||
| 035 | _aDVD-006276-6283 | ||
| 040 |
_aDPL _cDPL |
||
| 082 | _aDVD PATH | ||
| 245 |
_aPather Panchali _cSatyajit Ray Presents _h[videorecording] DVD/ |
||
| 260 | _bAngel Digital Premium | ||
| 300 |
_a1 videodisc DVD; _bsd., col. ; _c4 3/4 in. _fDVD |
||
| 440 | _aAngel Digital Premium | ||
| 500 | _a2 National Awards 13 International Awards Among Top 100 Over Made Films in World | ||
| 538 | _aDolby Digital 5.1 - Bengali Subtitles: English | ||
| 538 | _aNTSC Format-All Regions, 16x9 Anamorphic (2:23.1 Aspect Ratio), Dual Layer | ||
| 650 | _aMotion Picture | ||
| 700 | _aRay, Satyajit | ||
| 700 | _aRavi Shankar | ||
| 700 | _aBandyopadhyaya, Kanu | ||
| 700 | _aDasgupta, Uma | ||
| 700 | _aBandopadhyay, Karunu | ||
| 700 | _aChunibala Devi | ||
| 700 | _aRunki | ||
| 700 | _aBandyopadhayay, Subir | ||
| 942 |
_cCF _2ddc _hDVD _mPATH |
||
| 999 |
_c34555 _d34555 |
||